Raritan

Bibliographic Details
Corporate Author: Rutgers University
Format: Electronic Journal
Language:English
Published: [New Brunswick, N.J.] : [Rutgers University Press]
Subjects:
Online Access:Full text available from Research Library: 10/01/1997 to present

MARC

LEADER 00000nas a2200000 a 4500
001 ssj0005834
003 WaSeSS
005 20200512172242.0
006 m d
007 cr n
008 011017c19819999njuqr p s 0 0eng c
010 |a  2009250659 
022 |y 0275-1607 
035 |a (WaSeSS)ssj0005834 
040 |a BUF  |b eng  |c BUF  |d OCLCQ  |d BUF  |d OCLCQ  |d BUF  |d CUD  |d OCLCQ  |d NOC  |d OCLCQ  |d COO  |d OCLCO  |d OCLCF  |d OCLCO  |d OCLCQ  |d VT2  |d WaSeSS 
042 |a pcc 
050 4 |a AS30  |b .R37 
082 0 4 |a 051 
130 0 |a Raritan (Online) 
245 1 0 |a Raritan  |h [electronic resource]. 
260 |a [New Brunswick, N.J.] :  |b [Rutgers University Press] 
310 |a Quarterly 
362 1 |a Print began with vol. 1, no. 1 (summer 1981). 
506 |a License restrictions may limit access. 
538 |a Mode of access: World Wide Web. 
550 |a Sponsored by Rutgers University, summer 1981- 
588 |a Description based on print version record. 
588 |a Latest issue consulted: V. 28, no. 4 (spring 2009) (Literature Online, viewed Sept. 25, 2009). 
650 0 |a Humanities  |v Periodicals. 
650 7 |a Humanities.  |2 fast  |0 (OCoLC)fst00963588 
650 1 7 |a Literatuurwetenschap.  |2 gtt 
655 0 |a Electronic journals. 
710 2 |a Rutgers University. 
776 0 8 |i Print version:  |t Raritan  |x 0275-1607  |w (DLC) 81645655  |w (OCoLC)7087821 
856 4 0 |z Full text available from Research Library: 10/01/1997 to present  |u https://search.proquest.com/publication/30927